Prueba de Corea del Sur - Estadísticas

Estadísticas generales
  • Esta prueba ha sido intentada 1.574 veces
  • La puntuación promedio es 10 de 20
Estadísticas de respuestas
Pista Respuesta % Correcto
Capital Seúl
99%
Arte marcial coreano y deporte olímpico Taekwondo
72%
Video del rapero Psy sobre un barrio rico de la capital {Gangnam} Style
69%
La corporación más grande Samsung
68%
Los apellidos más comunes Kim
65%
En 2017, Corea del Sur ocupa el primer lugar en el mundo por la velocidad de su... Internet
54%
Los mayores fabricantes de automóviles Hyundai
53%
Mar al este Mar del Japón / Mar del Este
52%
La segunda área urbana más poblada Busan
50%
Moneda de Corea del Sur Won
50%
El deporte más popular entre los espectadores Béisbol
49%
Franja de tierra entre Corea del Sur y Corea del Norte Zona {desmilitarizada}
49%
Col fermentada coreana Kimchi
48%
Mar al oeste Mar Amarillo
45%
Los apellidos más comunes Park
44%
Los apellidos más comunes Lee
41%
Los mayores fabricantes de automóviles Kia
39%
La isla más grande Jeju
37%
Comida coreana cuyo nombre significa "arroz mezclado" Bibimbap
17%
El autoproclamado mesías religioso que murió en 2012 Sun Myung {Moon}
12%
No se encontraron pruebas coincidentes
Distribución de puntuación
Porcentaje de gente con cada puntuación
Porcentaje por número respondido
Historial de tus puntuaciones
No has intentado esta prueba.